000 00661nam a2200253Ia 4500
005 20260121114144.0
008 008 260114s9999 xx 000 0 eng d
020 _a9781119505730
037 _aEBOOK
040 _aCRL
040 _beng
040 _cCRL
041 _2eng
041 _aeng
084 _qCRL
100 _aPatrick O. J. Kaltjob
_9971524
245 0 _aControl Of Mechatronic Systems - Model-Driven Design And Implementation Guidelines oBook
260 _bWiley
260 _c2021
856 _uhttps://onlinelibrary.wiley.com/doi/book/10.1002/9781119505730
942 _cEBOOK
999 _c1550778
_d1550778